Footballers Who Played For 2+ of the Premier League's Big 4 - Statistics

General Stats
  • This quiz has been taken 1,549 times
    585 since last reset
  • The average score is 18 of 45
Answer Stats
Player Clubs % Correct
Raheem Sterling Arsenal, Chelsea, Liverpool
80%
Raheem Sterling Chelsea, Liverpool
80%
Ashley Cole Arsenal, Chelsea
77%
Joe Cole Chelsea, Liverpool
77%
Michael Owen Liverpool, Manchester United
71%
Robin van Persie Arsenal, Manchester United
69%
Petr Čech Arsenal, Chelsea
68%
Juan Mata Chelsea, Manchester United
59%
Fernando Torres Chelsea, Liverpool
58%
Nicolas Anelka Arsenal, Chelsea, Liverpool
56%
Alexis Sánchez Arsenal, Manchester United
54%
Cesc Fàbregas Arsenal, Chelsea
53%
Alex Oxlade-Chamberlain Arsenal, Liverpool
52%
Kai Havertz Arsenal, Chelsea
52%
Nemanja Matić Chelsea, Manchester United
50%
David Luiz Arsenal, Chelsea
48%
William Gallas Arsenal, Chelsea
48%
Mason Mount Chelsea, Manchester United
47%
Willian Arsenal, Chelsea
44%
Daniel Sturridge Chelsea, Liverpool
43%
Danny Welbeck Arsenal, Manchester United
42%
Olivier Giroud Arsenal, Chelsea
42%
Henrikh Mkhitaryan Arsenal, Manchester United
38%
Romelu Lukaku Chelsea, Manchester United
37%
Jorginho Arsenal, Chelsea
36%
Mohamed Salah Chelsea, Liverpool
36%
Yossi Benayoun Arsenal, Chelsea, Liverpool
35%
Pierre-Emerick Aubameyang Arsenal, Chelsea
31%
Kolo Touré Arsenal, Liverpool
29%
Paul Ince Liverpool, Manchester United
28%
Emmanuel Petit Arsenal, Chelsea
27%
Mikaël Silvestre Arsenal, Manchester United
27%
Glen Johnson Chelsea, Liverpool
26%
Jadon Sancho Chelsea, Manchester United
25%
Juan Sebastián Verón Chelsea, Manchester United
25%
Raúl Meireles Chelsea, Liverpool
25%
Mark Hughes Chelsea, Manchester United
22%
Radamel Falcao Chelsea, Manchester United
22%
Lassana Diarra Arsenal, Chelsea
13%
Victor Moses Chelsea, Liverpool
13%
Mark Bosnich Chelsea, Manchester United
11%
Jermaine Pennant Arsenal, Liverpool
10%
Boudewijn Zenden Chelsea, Liverpool
9%
Paul Parker Chelsea, Manchester United
9%
Fabio Borini Chelsea, Liverpool
7%
No matching quizzes found
Score Distribution
Percent of People with Each Score
Percentile by Number Answered
Your Score History
You have not taken this quiz since the last reset